Catálogo de la Biblioteca Horacio González - Universidad Nacional de General Sarmiento

Gran diccionario Michaelis : (Registro nro. 13339)

Detalles MARC
000 -CABECERA
campo de control de longitud fija 01157nam a22003490a 4500
001 - NÚMERO DE CONTROL
campo de control PT4860
003 - IDENTIFICADOR DEL NÚMERO DE CONTROL
campo de control AR-LpoUNG
005 - FECHA Y HORA DE LA ÚLTIMA TRANSACCIÓN
campo de control 20210131232029.0
008 - DATOS DE LONGITUD FIJA--INFORMACIÓN GENERAL
campo de control de longitud fija 191001s1992||||bl |||||||||||||||||spa d
020 ## - NÚMERO INTERNACIONAL ESTÁNDAR DEL LIBRO
Número Internacional Estándar del Libro 8506013445
Condiciones de disponibilidad $4.31
040 ## - FUENTE DE LA CATALOGACIÓN
Centro catalogador/agencia de origen AR-LpoUNG
Lengua de catalogación spa
Centro/agencia transcriptor AR-LpoUNG
Normas de descripción aacr
041 ## - CÓDIGO DE LENGUA
Código de lengua del texto/banda sonora o título independiente spa
-- por
044 ## - CÓDIGO DEL PAÍS DE LA ENTIDAD EDITORA/PRODUCTORA
Código MARC del país bl
082 0# - NÚMERO DE LA CLASIFICACIÓN DECIMAL DEWEY
Número de clasificación R469 434gra
100 1# - ENTRADA PRINCIPAL--NOMBRE DE PERSONA
Nombre de persona Pereira, Helena B. C.
245 10 - MENCIÓN DE TÍTULO
Título Gran diccionario Michaelis :
Resto del título español-portugués : portugués-español
250 ## - MENCIÓN DE EDICIÓN
Mención de edición 1ra. ed.
260 ## - PUBLICACIÓN, DISTRIBUCIÓN, ETC.
Lugar de publicación, distribución, etc. São Paulo :
Nombre del editor, distribuidor, etc. Bibliográfica Internacional,
Fecha de publicación, distribución, etc. 1992.
300 ## - DESCRIPCIÓN FÍSICA
Extensión 631 p. :
Otras características físicas gráfs., tbls.
520 ## - SUMARIO, ETC.
Sumario, etc. <p>Abreviatura, conjugación de verbos en español, conjugación de verbos en portugues, lista de verbos irregulares (español), lista de verbo irregulares (portugués).</p>
650 #4 - PUNTO DE ACCESO ADICIONAL DE MATERIA--TÉRMINO DE MATERIA
Término de materia o nombre geográfico como elemento de entrada DICCIONARIOS
650 #4 - PUNTO DE ACCESO ADICIONAL DE MATERIA--TÉRMINO DE MATERIA
Término de materia o nombre geográfico como elemento de entrada DOCUMENTOS PRIMARIOS
650 #4 - PUNTO DE ACCESO ADICIONAL DE MATERIA--TÉRMINO DE MATERIA
Término de materia o nombre geográfico como elemento de entrada LENGUA PORTUGUESA
650 #4 - PUNTO DE ACCESO ADICIONAL DE MATERIA--TÉRMINO DE MATERIA
Término de materia o nombre geográfico como elemento de entrada MATERIAL DE REFERENCIA
650 #4 - PUNTO DE ACCESO ADICIONAL DE MATERIA--TÉRMINO DE MATERIA
Término de materia o nombre geográfico como elemento de entrada TEMINOLOGIA
651 #4 - PUNTO DE ACCESO ADICIONAL DE MATERIA--NOMBRE GEOGRÁFICO
Nombre geográfico DOCUMENTOS TEORICOS O METODOLOGICOS
653 ## - TÉRMINO DE INDIZACIÓN--NO CONTROLADO
Término no controlado DICCIONARIOS BILINGÜES
653 ## - TÉRMINO DE INDIZACIÓN--NO CONTROLADO
Término no controlado DICCIONARIOS DE PORTUGUES
700 1# - PUNTO DE ACCESO ADICIONAL--NOMBRE DE PERSONA
Nombre de persona Signer, Rena
905 ## - ELEMENTOS DE DATOS E LOCAL, LDE (RLIN)
a 4860
942 ## - ELEMENTOS DE PUNTO DE ACCESO ADICIONAL (KOHA)
Tipo de ítem Koha Lectura en Sala
Existencias
Estado de retiro Estado de pérdida Estado dañado No para préstamo Código de colección Localización permanente Ubicación/localización actual Fecha de adquisición Total de préstamos Signatura topográfica completa Código de barras Fecha visto por última vez Precio válido a partir de Tipo de ítem Koha
        Colección Referencia Biblioteca Universidad Nacional de General Sarmiento Biblioteca Universidad Nacional de General Sarmiento 31/01/2021   469 434gra S00006963 31/01/2021 31/01/2021 Lectura en Sala